| 000 | 00847nac a22002651u 4500 | ||
|---|---|---|---|
| 008 | 081118s2011 xxu|||||r|||| 001 0 eng d | ||
| 010 | _a2005043865 | ||
| 020 | _a0071311149 | ||
| 020 | _a9780071311144 | ||
| 082 | 0 | 0 |
_a620.11 _bSMI _222 |
| 100 |
_aSmith, William Fortune _91254 |
||
| 245 | 1 | 0 |
_aFoundations of Materials Science and Engineering / _cWilliam F. Smith, Javad Hashemi. |
| 250 | _a5th ed. | ||
| 260 |
_aBoston : _bMcGraw-Hill, _c2011 |
||
| 300 |
_axix, 1070 p. : _bill. ; _c24 cm. |
||
| 504 | _aIncludes bibliographical references (p. 1035-1037)and index. | ||
| 650 | 0 |
_aMaterials science. _91255 |
|
| 650 | 0 |
_aMaterials. _91256 |
|
| 653 |
_bCiv _cOctober2013 |
||
| 653 |
_bEle _cOctober2013 |
||
| 653 |
_bMec _cOctober2013 |
||
| 655 |
_vreading book _934232 |
||
| 700 | 1 |
_aHashemi, Javad. _91257 |
|
| 942 |
_cTB _k620.11SMI _2ddc |
||
| 999 |
_c17686 _d17658 |
||